Radca spotrebiteľa

Z obsahu prílohy: Klamlivá reklama, mylná informácia. Čo s nimi? Výpredaje nepredaného. Za obal sa platiť nemusí. Ani tisíc inšpektorov nestačí... Téma mesiaca: Výživa. Nespoliehajme sa na chute, ale na rozum. Špinavý tovar nechajte v regáli. Zlodeja dvere nezastavia. Najskôr tovar, potom peniaze.

Gespeichert in:
Bibliographische Detailangaben
Format: Buchkapitel
Sprache:Slowakisch
Schlagworte:
Tags: Tag hinzufügen
Keine Tags, Fügen Sie das erste Tag hinzu!

MARC

LEADER 00000naa a2200000 4500
001 r020529
005 20230801103347.4
041 0 |a slo 
044 |a SK 
245 1 0 |a Radca spotrebiteľa 
520 |a Z obsahu prílohy: Klamlivá reklama, mylná informácia. Čo s nimi? Výpredaje nepredaného. Za obal sa platiť nemusí. Ani tisíc inšpektorov nestačí... Téma mesiaca: Výživa. Nespoliehajme sa na chute, ale na rozum. Špinavý tovar nechajte v regáli. Zlodeja dvere nezastavia. Najskôr tovar, potom peniaze. 
610 2 0 |a Slovensko 
610 2 0 |a spotrebitelia 
610 2 0 |a ochrana spotrebiteľa 
610 2 0 |a riziko spotrebiteľské 
610 2 0 |a výživa